000 00389nam a22001697a 4500
005 20160625153026.0
008 160625b xxu||||| |||| 00| 0 eng d
020 _a0-19-569795-2
041 _aeng
082 _b10234
100 _aThakurta, Pranjoy Guha
_92802
245 _aMedia Etics
260 _bOxford
_c2009
300 _a326
650 _aMass Communication
_92660
942 _cBK
999 _c4058
_d4057